00392nam a2200145Ia 4500008004100000020001800041041000800059082001600067100004200083245003500125250000600160260002700166300001100193650004200204210716s2020 xx 000 0 und d a9788126579907 aeng a006.31 PRAM aPradhan, Manaranjan; Kumar, U Dinesh. aMachine learning using python. a1 aNew DelhibWILEYc2020 axx,343 aMachine & Assembly Languages(005.136)